Catálogo
 En Linea

Atención de las necesidades del decenio de 1980 : (Registro nro. 42518)

Detalles MARC
000 -CABECERA
campo de control de longitud fija 00608nam a2200133 a 4500
001 - NÚMERO DE CONTROL
campo de control 000043029
005 - FECHA Y HORA DE LA ÚLTIMA TRANSACCIÓN
campo de control 20201002040603.0
008 - DATOS DE LONGITUD FIJA--INFORMACIÓN GENERAL
campo de control de longitud fija 140218s1983 dr 000 0 spa d
040 ## - FUENTE DE LA CATALOGACIÓN
Centro catalogador/agencia de origen DO-SdBNP
Lengua de catalogación spa
Centro/agencia transcriptor BNPHU
111 2# - ENTRADA PRINCIPAL--NOMBRE DE CONGRESO/REUNIÓN
Nombre de congreso/reunión o jurisdicción como elemento de entrada Conferencia internacional sobre la anticoncepción quirurgica voluntaria
Número del congreso/reunión o número de parte o sección (5:
Fecha del congreso/reunión 1983: 5-8 dic.
Sede del congreso/Lugar de la reunión Santo Domingo )
9 (RLIN) 70557
245 10 - MENCIÓN DE TÍTULO
Título Atención de las necesidades del decenio de 1980 :
Resto del título Informe de la quinta conferencia internacional sobre la anticoncepción quirurgica voluntaria.
260 ## - PUBLICACIÓN, DISTRIBUCIÓN, ETC.
Lugar de publicación, distribución, etc. Santo Domingo :
Nombre del editor, distribuidor, etc. Federación Mundial de Agencias de Salud,
Fecha de publicación, distribución, etc. 1983.
300 ## - DESCRIPCIÓN FÍSICA
Extensión 153 p. ;
Dimensiones 24 cm.
Existencias
Estado de retiro Estado de pérdida No para préstamo Código de colección Localización permanente Ubicación/localización actual Ubicación en estantería Fecha de adquisición Número de inventario Total de préstamos Signatura topográfica completa Código de barras Fecha visto por última vez Precio válido a partir de Tipo de ítem Koha
    Excluido de préstamo Patrimonio Dominicano General General En catalogación 18.02.2014 LF1   43029-10 25.06.2020 25.06.2020 Libro y Folleto Colección Patrimonio Dominicano

Con tecnología Koha